000
00321nam a2200133Ia 4500
008
220216s9999 xx 000 0 und d
245
0
_a
Root stimulation by hormones
260
_b
R.R.I Planters Bulletin
_c
1939
300
_a
5-Jan
650
_a
Hormones
650
_a
Root stimulation
650
_a
Rubber
942
_c
JS
999
_c
67255
_d
67255